000 01079nam a2200289 a 4500
001 37136
003 BD-RjUL
005 20211209052600.0
008 141019s1982 enkab b 000 0 eng
020 _a070990911X :
035 _a(BD-RjUL)37238
040 _aDLC
_cDLC
_dDLC
_dBD-RjUL
_beng
041 _aeng
082 0 0 _a338.19091724
_219
_bEPU 1982
100 1 _aEpstein, T. Scarlett
_q(Trude Scarlett)
_9104205
245 1 0 _aUrban food marketing and Third World rural development :
_bthe structure of producer-seller markets /
_cT. Scarlett Epstein.
260 _aLondon :
_bCroom Helm,
_cc1982.
300 _a260 p. :
_bill., maps ;
_c23 cm.
500 _a"Published in association with the Research Center for South West Pacific Studies, La Trobe University, Australia."
504 _aBibliography: p. 255-260.
650 0 _aFarm produce
_zPapua New Guinea
_xMarketing.
_9113564
650 0 _aMarkets
_zPapua New Guinea.
_9113565
650 0 _aRural development
_zPapua New Guinea.
_9113566
942 _2ddc
_cBK
999 _c37136
_d37136